Social Networks : (Record no. 609091)

MARC details
000 -LEADER
fixed length control field 00452nam a2200181 a 4500
008 - FIXED-LENGTH DATA ELEMENTS--GENERAL INFORMATION
fixed length control field 260122s2008##################000#0#eng##
020 ## - INTERNATIONAL STANDARD BOOK NUMBER
ISBN 9780415458023
082 04 - DEWEY DECIMAL CLASSIFICATION NUMBER
Classification number 302.4072
Item number BRU
100 1# - MAIN ENTRY--AUTHOR NAME
Personal name Bruggeman, Jeroen,
245 10 - TITLE STATEMENT
Title Social Networks :
260 ## - PUBLICATION, DISTRIBUTION, ETC. (IMPRINT)
Year of publication 2008.
650 #0 - SUBJECT ADDED ENTRY--TOPICAL TERM
Topical Term Social networks.
942 ## - ADDED ENTRY ELEMENTS (KOHA)
Koha item type English Books
Holdings
Withdrawn status Lost status Damaged status Not for loan Home library Current library Shelving location Date acquired Full call number Accession Number Price effective from Koha item type
        Anna Centenary Library Anna Centenary Library 3RD FLOOR, B WING 23.01.2026 302.4072 BRU 149710 23.01.2026 English Books

Find us on the map